000 01181nam a22003497a 4500
003 CHAP
005 20220329143515.0
008 100310s mx r 00010 spa d
010 _a97717
011 _a98689
035 _a109374
040 _cCHAP
090 _aFolleto 17564
110 2 _aFideicomisos Instituídos en Relación con la Agricultura. México
_940733
245 1 0 _aElementos de análisis de las cadenas productivas :
_bcarne de pollo
_c/por Fideicomisos Instituidos en Relación con la Agricultura
260 _aMéxico :
_bFIRA,
_c1993
300 _a28 p. :
_bgráfs., cuadros
490 _aDocumento técnico
590 _aBATCH-UPD
_b10
_c20130110
_lUCH01
_h1808
590 _aBATCH-UPD
_b10
_c20130410
_lUCH01
_h1143
590 _aBATCH-UPD
_b10
_c20130914
_lUCH01
_h0849
590 _aCONVERSION
_b10
_c20130109
_lUCH01
_h1354
650 1 4 _aCarne de pollo en canal.
_919172
650 1 4 _aComercio.
_925557
650 1 4 _aCompetencia.
_926091
650 1 4 _aEconomía.
_935226
830 0 _aDocumento técnico
_933241
901 _aBK
911 _aen proceso
942 _cFOLL
949 _aFolleto 17564
_bBC
_cFOLL
_d33724002113850
_eTS1
_gDonaciØn
_i109374
_sb
999 _c97717
_d97717